000 00598nam a2200193Ia 4500
003 GCL
008 140319s9999 xx 000 0 ara d
040 _aGCL /
_cGCL
082 0 4 _a377.1
_bم ت
100 1 _aمرتضى مطهرى
245 1 0 _aالتربية والتعليم فى الاسلام /
_cمرتضى مطهرى
260 _a[S.N] :
_bمكتبة فخراوى ،
_c1993
300 _a262 ص
490 _a
650 0 4 _aالثقافة الاسلامية
650 0 4 _aالتعليم الدينى الاسلامى
650 0 4 _aالتربية الاسلامية
942 _2ddc
_cBK
999 _c35744
_d35744